The Elements of Coordinate Geomentry (Record no. 563)

MARC details
000 -LEADER
fixed length control field 00311nam a2200109 4500
008 - FIXED-LENGTH DATA ELEMENTS--GENERAL INFORMATION
fixed length control field 160623b xxu||||| |||| 00| 0 eng d
100 ## - MAIN ENTRY--PERSONAL NAME
9 (RLIN) 697
Personal name Loney, S.L
245 ## - TITLE STATEMENT
Title The Elements of Coordinate Geomentry
260 ## - PUBLICATION, DISTRIBUTION, ETC. (IMPRINT)
Place of publication, distribution, etc. N.D
Name of publisher, distributor, etc. S.Chand & Com.
Date of publication, distribution, etc. 1960
300 ## - PHYSICAL DESCRIPTION
Extent The Elements of Coordinate Geomentry
942 ## - ADDED ENTRY ELEMENTS (KOHA)
Source of classification or shelving scheme Dewey Decimal Classification
Koha item type BOOK
Holdings
Withdrawn status Lost status Source of classification or shelving scheme Damaged status Not for loan Home library Current library Shelving location Date acquired Total Checkouts Full call number Barcode Date last seen Price effective from Koha item type
    Dewey Decimal Classification     Good Samaritan School Library Good Samaritan School Library   06/23/2016   516 LON1405 06/23/2016 06/23/2016 BOOK

Powered by Koha